|
|
|
|
| LEADER |
00000cam a2200000 7i4500 |
| 001 |
0000008223 |
| 002 |
000008966 |
| 005 |
20000330.0 |
| 020 |
|
|
|a 072141320X
|
| 090 |
0 |
0 |
|a JF
|b REA
|
| 100 |
1 |
|
|a Murray, William
|
| 245 |
1 |
4 |
|a The day trip
|c William Murray ; illustrated by Jon Davis
|
| 260 |
|
|
|a USA :
|b Ladybird Books Ltd ,
|c 19--?
|
| 300 |
|
|
|a 41p. :
|b ill. ;
|c 17cm.
|
| 490 |
0 |
|
|a Read with me!
|
| 650 |
0 |
0 |
|a Children's stories
|
| 700 |
1 |
|
|a Davis, Jon ,
|e illustrated
|
| 999 |
|
|
|a 052609
|b BUKU
|c PINJAMAN
|e PERPUSTAKAAN KOMUNITI PETALING JAYA
|
| 999 |
|
|
|a 052610
|b BUKU
|c PINJAMAN
|e PERPUSTAKAAN KOMUNITI PETALING JAYA
|
| 999 |
|
|
|a 052611
|b BUKU
|c PINJAMAN
|e PERPUSTAKAAN KOMUNITI PETALING JAYA
|
| 999 |
|
|
|a 055634
|b BUKU
|c PINJAMAN
|e PERPUSTAKAAN KOMUNITI PETALING JAYA
|
| 999 |
|
|
|a 055637
|b BUKU
|c PINJAMAN
|e PERPUSTAKAAN KOMUNITI PETALING JAYA
|